| 000 | 00436nam a2200169Ia 4500 | ||
|---|---|---|---|
| 008 | 180921t2015 xxu||||| |||| 00| 0 sin d | ||
| 041 | _asin | ||
| 080 |
_a22/23 _bHAT |
||
| 100 | _aHaththotuwa, Minoli | ||
| 245 | _aජයග්රහණයට ඇදහිල්ල | ||
| 246 | _aJayagrahanayata adahilla | ||
| 260 |
_b _a _c2015 |
||
| 300 | _b143p, 22cm | ||
| 942 | _cBK | ||
| 999 |
_c2329 _d2329 |
||
| 003 | LK-CoDNM | ||
| 040 |
_aLK-CoDNM _dLK-CoDNM _eLK-CoDNM |
||